| 000 | 00840cam a2200217 4500 | ||
|---|---|---|---|
| 001 | X118619 | ||
| 008 | 020701n2002 000 0 eng u | ||
| 035 | _a(Sirsi) u118619 | ||
| 100 | _aDyke, R | ||
| 245 | _aRoses and horses: FDR and ADR | ||
| 260 | _c2002 | ||
| 490 |
_aNew Law Journal _v152(7030) 3 May 2002, 678(1) |
||
| 520 | _aWarns of perils of refusing to settle in family and general civil proceedings. Looks in particular at significance of "Dunnett v Railtrack PLC" [2002] EWCA Civ 303, [2002] 2 All ER 850). | ||
| 650 | _aALTERNATIVE DISPUTE RESOLUTION | ||
| 650 | _aDUNNETT V RAILTRACK PLC | ||
| 650 | _aMEDIATION | ||
| 650 | _aALTERNATIVE DISPUTE RESOLUTION | ||
| 650 | _aDUNNETT V RAILTRACK PLC | ||
| 690 | _aMANGEMENT-DISPUTE AVOIDANCE, MANAGEMENT AND RESOLUTION-DISPUTE MANAGEMENT AND RESOLUTION | ||
| 942 | _n0 | ||
| 999 |
_c70639 _d70639 |
||